From Page to Picture Quiz Stats

 Plays Quiz Updated Feb 24, 2015

Challenge
Share
Tweet
Score 0/30 Timer 08:00
0 Plays Today
% Correct
Dracula
97.9%
The Hunchback of Notre Dame
94.8%
To Kill a Mockingbird
87.1%
Moby Dick
80.8%
Treasure Island
75.1%
A Clockwork Orange
74.7%
Gulliver's Travels
74.2%
Nineteen Eighty-Four
72.8%
The Great Gatsby
72.7%
Lord of the Flies
71.7%
The Old Man and the Sea
65.2%
Of Mice and Men
63.3%
War and Peace
62.9%
Murder on the Orient Express
62.1%
The Picture of Dorian Gray
59%
% Correct
Great Expectations
58.1%
Hamlet
57.9%
The Outsiders
52.3%
Sense and Sensibility
48.9%
Fahrenheit 451
48.5%
Catch-22
47.8%
Jane Eyre
45.7%
The Count of Monte Cristo
39.9%
The Red Badge of Courage
35.5%
Dangerous Liaisons
24.8%
The Trial
23.3%
Barry Lyndon
16.3%
The Age of Innocence
16%
Howards End
12.9%
The Idiot
11.7%

You're not logged in!

Compare scores with friends on all Sporcle quizzes.
OR
Log In

You Might Also Like...

Show Comments

Extras

Top Quizzes Today


Score Distribution

Your Account Isn't Verified!

In order to create a playlist on Sporcle, you need to verify the email address you used during registration. Go to your Sporcle Settings to finish the process.

Report this User

Report this user for behavior that violates our Community Guidelines.

Details: